Soledad Sevilla/ (Record no. 2733)

MARC details
000 -LEADER
campo de control de longitud fija 00609nam a22001937a 4500
003 - IDENTIFICADOR DE NÚMERO DE CONTROL
campo de control OSt
005 - FECHA Y HORA DE LA ÚLTIMA TRANSACCIÓN
campo de control 20221214113538.0
008 - DATOS DE LONGITUD FIJA--INFORMACIÓN GENERAL
campo de control de longitud fija 220915b |||||||| |||| 00| 0 eng d
020 ## - NÚMERO INTERNACIONAL ESTÁNDAR DEL LIBRO
Número Internacional Estándar del Libro 84 482 2678 X
040 ## - FUENTE DE CATALOGACIÓN
Centro/agencia transcriptor Biblioteca Lado V
082 ## - NÚMERO DE LA CLASIFICACIÓN DECIMAL DEWEY
Número de clasificación 750
Número de ítem R763s
100 ## - ENTRADA PRINCIPAL--NOMBRE DE PERSONA
9 (RLIN) 496
Nombre de persona Romero, Yolanda
Término indicativo de función/relación curadora
245 ## - MENCIÓN DEL TÍTULO
Título Soledad Sevilla/
Resto del título L'espai i el recinte | El espacio y el recinto/
260 ## - PUBLICACIÓN, DISTRIBUCIÓN, ETC.
Lugar de publicación, distribución, etc. Italia
Nombre del editor, distribuidor, etc. IVAM Centre del Carme
Fecha de publicación, distribución, etc. 2001
300 ## - DESCRIPCIÓN FÍSICA
Extensión 168p.
Dimensiones 27x29cm
700 ## - ENTRADA AGREGADA--NOMBRE PERSONAL
Nombre de persona Pietrantonio, Giancinto Di
Término indicativo de función/relación textos
700 ## - ENTRADA AGREGADA--NOMBRE PERSONAL
Nombre de persona Garcia, Aurora
Término indicativo de función/relación textos
942 ## - ELEMENTOS DE ENTRADA SECUNDARIOS (KOHA)
Fuente del sistema de clasificación o colocación Clasificación Decimal Dewey
Tipo de ítem Koha Libros
Parte de la signatura que corresponde a la clasificación (Parte de la clasificación) 750
Parte de la signatura que identifica el ejemplar (Parte del ítem) R763s
Suprimir en OPAC No
Holdings
Estatus retirado Estado de pérdida Fuente del sistema de clasificación o colocación Estado de daño No para préstamo Biblioteca de origen Biblioteca actual Fecha de adquisición Número de inventario Total de préstamos Signatura topográfica completa Código de barras Visto por última vez Precio de reemplazo Tipo de ítem Koha
    Clasificación Decimal Dewey     Biblioteca LadoV Biblioteca LadoV 14/12/2022 001127   750 R763s 001127 14/12/2022 14/12/2022 Libros